|
|
|
|
| LEADER |
00000nab#a22000007a#4500 |
| 001 |
arbauad000464 |
| 003 |
AR-BaUAD |
| 005 |
20250711110400.0 |
| 008 |
930601|||||||||###||||||b###|0###a|spa|| |
| 040 |
|
|
|a AR-BaUAD
|c AR-BaUAD
|b spa
|
| 100 |
|
|
|a Maag, Bruno
|
| 245 |
|
|
|a Diseño de tipografía en la Apple Macintosh /
|c Bruno Maag;
|
| 250 |
|
|
|d M
|
| 300 |
0 |
|
|b il., fot.
|
| 653 |
|
|
|a COMPUTACION
|
| 653 |
|
|
|a TIPOGRAFIA
|
| 653 |
|
|
|a APPLE COMPUTER
|
| 653 |
|
|
|a MACINTOSH
|
| 653 |
|
|
|a DISEÑO GRAFICO
|
| 773 |
0 |
|
|t TIPOGRAFICA
|g año 4, no. 10 [1990], p. 16-27
|
| 942 |
|
|
|c ARTI
|
| 952 |
|
|
|0 0
|1 0
|4 0
|7 0
|9 45385
|a AR-BAuAD
|b AR-BAuAD
|d 2025-07-11
|l 0
|p AAQA000464
|r 2025-07-11 11:04:00
|w 2025-07-11
|y ARTI
|
| 990 |
|
|
|a DG199
|b TD
|
| 998 |
|
|
|a AAQ
|b BIBUN76
|
| 999 |
|
|
|c 25058
|d 25058
|